The Story of Philosophy : The lives and opinions of the world's greatest... (Record no. 20458)
[ view plain ]
| 000 -LEADER | |
|---|---|
| fixed length control field | 00275nam a22001097a 4500 |
| 082 ## - DEWEY DECIMAL CLASSIFICATION NUMBER | |
| Classification number | 190 DUR |
| 100 ## - MAIN ENTRY--AUTHOR NAME | |
| Author name | Durant, Will |
| 245 ## - TITLE STATEMENT | |
| Title | The Story of Philosophy : The lives and opinions of the world's greatest... |
| 300 ## - PHYSICAL DESCRIPTION | |
| Number of Pages | 543 |
| 650 ## - SUBJECT ADDED ENTRY--TOPICAL TERM | |
| Topical Term | Philosophy: Western |
| 942 ## - ADDED ENTRY ELEMENTS (KOHA) | |
| Koha item type | Books |
No items available.
